000 00755nac a22002297a 4500
001 BR7404145
003 BR-BrBNA
005 20240201141859.0
008 230509b bl.|||m| |||| 00| 0 por d
040 _aBR-BrBNA
_bpor
_cBiblioteca Nacional de Agricultura
072 _aA50
090 _aA50
_bBR7404145
110 1 _aEmpresa Brasileira de Pesquisa Agropecuaria, Brasilia, DF
_93834
245 1 _aRelatorio de Atividades de 1973 [Empresa Brasileira de Pesquisa Agropecuaria]
260 3 _aBrasilia, DF (Brasil):
_c1973.
300 _a48 p.
490 _aRelatorio - Empresa Brasileira de Pesquisa Agropecuaria (Brazil)
650 _aPESQUISA AGRICOLA
650 _aPESQUISA PECUARIA
650 _aINSTITUICAO DE PESQUISA
942 _2AGRIS
_n0
_cMS
999 _c265551
_d265551